000 01025nam a2200301 i 4500
001 000016079
003 DO-SdBNP
005 20240302073956.0
007 ta
008 100225s2001 dr 001 0bspa d
040 _aDO-SdBNP
_bspa
_cBNPHU
_erda
049 _aBNPD
082 4 _a923.57293
_bG633b
_222
100 1 _aBáez Díaz, Tomás,
_d1909-2006
_936059
_eautor
245 1 0 _aMáximo Gómez episodios heroicos y sentimentales /
_cTomás Báez Díaz.
264 _aSanto Domingo :
_bDe Colores,
_c2001.
300 _a101 páginas ;
_a22 cm.
336 _2rdacontent
_atexto
_brdamedia
337 _2rdamedia
_asin mediació
_bn
338 _2rdacarrier
_avolumen
_bnc
504 _aBibliografía : p. 100-101
590 _aInventariado, 2023/BT
600 1 0 _aGómez, Máximo,
_d1836-1905
_912249
651 4 _aCuba
_xHistoria
_yGuerra de los diez años, 1868-1878
_911018
651 4 _aCuba
_xHistoria
_yGuerra de independencia, 1895-1898
_911019
910 _aValidado. Control de calidad. MMOLINA
942 _2ddc
_cLBS1
999 _c15620
_d15620